| 000 | 00645nam a22002055a 4500 | ||
|---|---|---|---|
| 005 | 20250717152054.0 | ||
| 010 | _aENG-146016 | ||
| 020 |
_a9788179919798 _c399.00 |
||
| 035 | _aEN-129548 | ||
| 037 | _bDBAD | ||
| 082 | _a332.495452 | ||
| 100 |
_aParekh, Jayesh A. _983063 |
||
| 245 |
_aEhat Shall We Doo With All This Money?: _bInspiring Perspectives on Wealth/ _cJayesh A. Parekh |
||
| 250 | _a1 | ||
| 260 |
_aMumbai _bPopular Prakashan _c2009 |
||
| 270 |
_a301 Mahalaxmi Chambers, 22, Bhulabhai Desai Road, _bMumbai _e400026 |
||
| 300 |
_a312p. : _c22cm(pb) |
||
| 700 | _922437 | ||
| 942 |
_2ddc _cEN _mPAR _h332.495452 |
||
| 999 |
_c212416 _d212416 |
||